[Event "Dundee & Angus Challengers"]
[Site "?"]
[Date "2014.10.11"]
[Round "2"]
[White "Aitchison, Keith A"]
[Black "Monaghan, Mark"]
[Result "1/2-1/2"]
[WhiteElo "1627"]
[BlackElo "1782"]
[PlyCount "67"]
[EventDate "2014.??.??"]

1. e4 c5 2. Nf3 Nc6 3. d4 cxd4 4. Nxd4 d6 5. Nc3 Nf6 6. Be3 e5 7. Nb3 Be6 8.
Be2 Be7 9. O-O O-O 10. Nd2 d5 11. exd5 Nxd5 12. Nxd5 Bxd5 13. c4 Be6 14. Bf3
Qc7 15. a3 Rfd8 16. Qc2 Nd4 17. Qe4 Rab8 18. Bxd4 Rxd4 19. Qe3 Qd8 20. Ne4 Bxc4
21. Rfd1 Be6 22. Nc3 Qa5 23. b4 Rxd1+ 24. Rxd1 Qxa3 25. Qxe5 Rf8 26. Nd5 Bxd5
27. Qxe7 Bxf3 28. gxf3 Qxf3 29. Rd8 Qg4+ 30. Kf1 Qh3+ 31. Kg1 Qg4+ 32. Kf1 Qc4+
33. Kg1 Qc1+ 34. Kg2 1/2-1/2

2-1/2

[Event "Dundee & Angus Challengers"]
[Site "?"]
[Date "2014.10.11"]
[Round "2"]
[White "Shemilt, James F"]
[Black "Shafi, Declan"]
[Result "1/2-1/2"]
[WhiteElo "1786"]
[BlackElo "1621"]
[PlyCount "47"]
[EventDate "2014.??.??"]

1. e4 c5 2. Nc3 a6 3. g3 b5 4. Bg2 Bb7 5. f4 g6 6. Nf3 Bg7 7. d3 Nc6 8. O-O e6
9. e5 Nge7 10. Ne4 O-O 11. Nxc5 Qb6 12. d4 Rad8 13. Nxb7 Qxb7 14. c3 d6 15.
exd6 Rxd6 16. Qe2 Nd5 17. Nd2 b4 18. Ne4 Rdd8 19. Bd2 bxc3 20. bxc3 Nxd4 21.
cxd4 Bxd4+ 22. Kh1 Bxa1 23. Rxa1 Qb2 24. Qe1 1/2-1/2

2-1/2

[Event "Dundee & Angus Challengers"]
[Site "?"]
[Date "2014.10.11"]
[Round "2"]
[White "Burke, David"]
[Black "Shafi, Paul"]
[Result "1/2-1/2"]
[WhiteElo "1720"]
[BlackElo "1606"]
[PlyCount "80"]
[EventDate "2014.??.??"]

1. e4 d5 2. exd5 Qxd5 3. Nc3 Qd8 4. d4 Nf6 5. Bc4 c6 6. Nge2 Bf5 7. a3 e6 8.
Bg5 Be7 9. f3 Nbd7 10. Qd2 h6 11. Be3 Nd5 12. Bf2 O-O 13. O-O N7f6 14. Ng3 Bg6
15. Nce2 Qc7 16. Ba2 Rad8 17. c4 Nb6 18. Qa5 Nbd5 19. Qd2 Nb6 20. Qc3 c5 21.
Kh1 Na4 22. Qb3 Qc6 23. Rad1 Nb6 24. Rd2 Qa4 25. Qc3 cxd4 26. Bxd4 Rc8 27. b4
Rfd8 28. c5 Nbd5 29. Qb2 Qc6 30. Rc1 a6 31. Bb1 Bxb1 32. Qxb1 Rd7 33. Rcd1 Rcd8
34. Qb2 Qc7 35. Be5 Qc6 36. Qb3 Ne8 37. Nd4 Qc8 38. Ne4 Bf6 39. Nxf6+ Nexf6 40.
Kg1 Kf8 1/2-1/2

2-1/2

[Event "Dundee & Angus Challengers"]
[Site "?"]
[Date "2014.10.11"]
[Round "3"]
[White "Irving, Neil"]
[Black "MacDonald, Paul H"]
[Result "1/2-1/2"]
[WhiteElo "1644"]
[BlackElo "1518"]
[PlyCount "91"]
[EventDate "2014.??.??"]

1. Nf3 Nf6 2. c4 c6 3. g3 d5 4. Bg2 Bf5 5. cxd5 cxd5 6. Qb3 Qc7 7. Nc3 e6 8. d3
Nbd7 9. Bf4 Qb6 10. Qxb6 Nxb6 11. O-O Be7 12. Nb5 O-O 13. Rac1 Rfc8 14. Nd6
Bxd6 15. Bxd6 Rxc1 16. Rxc1 Rc8 17. Rxc8+ Nxc8 18. Be5 Nd7 19. Bc3 Bg4 20. e4
dxe4 21. dxe4 f6 22. e5 Kf7 23. Nd2 Nxe5 24. Bxb7 Nd6 25. Ba6 Nc6 26. f3 Bf5
27. Nc4 Nxc4 28. Bxc4 Ke7 29. Kf2 e5 30. Ke3 Be6 31. Bxe6 Kxe6 32. b4 a6 33.
Kd3 Kd5 34. g4 g6 35. a4 f5 36. b5 axb5 37. axb5 Nd8 38. Ba5 Nb7 39. Bc7 Nc5+
40. Ke3 e4 41. fxe4+ fxe4 42. h4 Kc4 43. b6 Kb5 44. Kd4 Kc6 45. Ke3 Kb7 46. Bd8
1/2-1/2

2-1/2

[Event "Dundee & Angus Challengers"]
[Site "?"]
[Date "2014.10.11"]
[Round "3"]
[White "Smith, Stephen H"]
[Black "Kleboe, James P R"]
[Result "1/2-1/2"]
[WhiteElo "1782"]
[BlackElo "1704"]
[PlyCount "88"]
[EventDate "2014.??.??"]

1. e4 c6 2. d4 d5 3. Nd2 dxe4 4. Nxe4 Nf6 5. Nxf6+ exf6 6. c3 Bd6 7. Bd3 O-O 8.
Qc2 Re8+ 9. Ne2 g6 10. Be3 Qc7 11. O-O-O b6 12. h4 c5 13. h5 f5 14. hxg6 fxg6
15. dxc5 bxc5 16. Bc4+ Be6 17. Qd3 Be5 18. Bxe6+ Rxe6 19. Qd5 Qc6 20. Qc4 Na6
21. Nf4 Bxf4 22. Bxf4 Qe4 23. Qxe4 Rxe4 24. g3 Re6 25. Rd7 h5 26. Bh6 c4 27.
Rhd1 Nc5 28. Rc7 Nd3+ 29. Kb1 Re2 30. Rb7 Rxf2 31. b3 Rf3 32. bxc4 Rxg3 33. Kc2
Rg2+ 34. Kb1 Nc5 35. Rb5 Ne4 36. Rd3 h4 37. Rb7 Nc5 38. Rg7+ Kh8 39. Rh3 Rb8+
40. Kc1 Rxa2 41. Rc7 Re8 42. Kb1 Rg2 43. Rxc5 Re1+ 44. Bc1 f4 1/2-1/2

2-1/2

[Event "Dundee & Angus Challengers"]
[Site "?"]
[Date "2014.10.11"]
[Round "3"]
[White "Gray, Euan"]
[Black "MacQueen, Andrew"]
[Result "0-1"]
[WhiteElo "1546"]
[BlackElo "1761"]
[PlyCount "64"]
[EventDate "2014.??.??"]

1. e4 c5 2. Nc3 g6 3. f4 Bg7 4. Nf3 d6 5. Bc4 Nc6 6. d3 Nf6 7. O-O a6 8. a4 O-O
9. Qe1 e6 10. Qh4 d5 11. Ba2 Nb4 12. Bb1 Bd7 13. Ne5 dxe4 14. dxe4 Bc6 15. Nxc6
Nxc6 16. Be3 Qb6 17. Ra3 Nd4 18. a5 Qc6 19. e5 Nf5 20. Qh3 Nd5 21. Ne4 Ndxe3
22. Rxe3 Nxe3 23. Qxe3 Rfd8 24. Nf6+ Bxf6 25. exf6 Qd6 26. c3 Qf8 27. f5 exf5
28. Qg5 h6 29. Qg3 Qd6 30. Qh4 Qd2 31. Bxf5 gxf5 32. Rxf5 Qe3+ 0-1

+ 0-1

[Event "Dundee & Angus Challengers"]
[Site "?"]
[Date "2014.10.11"]
[Round "3"]
[White "Milton, Anna"]
[Black "Emery, Keith"]
[Result "1/2-1/2"]
[WhiteElo "1594"]
[BlackElo "1684"]
[PlyCount "53"]
[EventDate "2014.??.??"]

1. d4 g6 2. c4 Nf6 3. Nf3 Bg7 4. g3 O-O 5. Bg2 d6 6. Nc3 Nbd7 7. O-O e5 8. e4
exd4 9. Nxd4 Nc5 10. h3 Ne6 11. Nc2 Nd7 12. Nd5 Ne5 13. Qe2 Nc5 14. Rd1 Be6 15.
Rb1 f5 16. f4 Nc6 17. exf5 Bxf5 18. Be3 Re8 19. g4 Bd7 20. Qf3 Na4 21. b3 Nb6
22. Qf2 Nxd5 23. Bxd5+ Be6 24. Bg2 Bd7 25. Bd5+ Be6 26. Bg2 Bd7 27. Bd5+
1/2-1/2

2-1/2

[Event "Dundee & Angus Challengers"]
[Site "?"]
[Date "2014.10.11"]
[Round "3"]
[White "Shafi, Declan"]
[Black "McGovern, P."]
[Result "1/2-1/2"]
[WhiteElo "1621"]
[BlackElo "1632"]
[PlyCount "99"]
[EventDate "2014.??.??"]

1. d4 Nf6 2. c4 e5 3. dxe5 Ng4 4. Nf3 Bc5 5. e3 Nc6 6. Qd5 Qe7 7. Nc3 Ngxe5 8.
Nxe5 Qxe5 9. Be2 d6 10. Qxe5+ Nxe5 11. Nd5 Bb6 12. b4 Be6 13. Bb2 Bxd5 14. cxd5
O-O 15. O-O a5 16. b5 Rfe8 17. Rac1 Nd7 18. Rc4 Nc5 19. Rg4 g6 20. Rc1 Re4 21.
Rc4 Rae8 22. Rcxe4 Rxe4 23. Rxe4 Nxe4 24. Bg4 f5 25. Be2 Kf7 26. g4 fxg4 27.
Bxg4 Nf6 28. Be6+ Ke7 29. Bxf6+ Kxf6 30. Bc8 g5 31. Bxb7 h5 32. Kg2 Bc5 33. Kf3
Bb4 34. Bc8 Bc3 35. Ke4 h4 36. f4 gxf4 37. exf4 Bd2 38. Kf3 Bc3 39. Kg4 Be1 40.
Kf3 Bd2 41. Bg4 Bc3 42. Ke3 Be1 43. Kd3 Bf2 44. Kd2 Bg1 45. h3 Bc5 46. Kd3 Bg1
47. Ke4 Bc5 48. Be2 Bf2 49. Kf3 Be1 50. Kg4 1/2-1/2

2-1/2

[Event "Dundee & Angus Challengers"]
[Site "?"]
[Date "2014.10.11"]
[Round "3"]
[White "Monaghan, Mark"]
[Black "Bond, Alexander"]
[Result "1-0"]
[WhiteElo "1782"]
[BlackElo "1588"]
[PlyCount "67"]
[EventDate "2014.??.??"]

1. d4 d5 2. c4 c6 3. e3 Nf6 4. Nc3 e6 5. Nf3 Bd6 6. Bd3 O-O 7. Ne5 Nbd7 8. f4
dxc4 9. Nxc4 Bc7 10. O-O Nd5 11. Ne4 N7f6 12. Ne5 Nxe4 13. Bxe4 Bb6 14. Rf3 f5
15. Bxd5 Qxd5 16. Rh3 c5 17. Qh5 h6 18. Ng6 Rf7 19. Ne5 Rc7 20. Qe8+ Kh7 21.
Qg6+ Kh8 22. Rxh6+ gxh6 23. Qxh6+ Kg8 24. Ng6 Rg7 25. Qh8+ Kf7 26. Ne5+ Ke7 27.
Qxg7+ Kd6 28. Bd2 a5 29. Bc3 cxd4 30. exd4 Bxd4+ 31. Bxd4 Qxd4+ 32. Kh1 Qxf4
33. Rd1+ Kc5 34. Nd3+ 1-0

+ 1-0

[Event "Dundee & Angus Challengers"]
[Site "?"]
[Date "2014.10.11"]
[Round "3"]
[White "Andrews, Norman G"]
[Black "Shemilt, James F"]
[Result "0-1"]
[WhiteElo "1650"]
[BlackElo "1787"]
[PlyCount "100"]
[EventDate "2014.??.??"]

1. Nf3 d6 2. d4 g6 3. g3 Bg7 4. Bg2 Nd7 5. e4 Ngf6 6. Qe2 O-O 7. O-O e5 8. c3
Re8 9. d5 Nc5 10. Nbd2 a5 11. a3 a4 12. Re1 Bd7 13. Qd1 Nd3 14. Re2 c6 15. c4
cxd5 16. cxd5 Bb5 17. Bf1 Ng4 18. Bh3 Nxc1 19. Rxc1 Bxe2 20. Qxe2 h5 21. Bxg4
hxg4 22. Nh4 Rc8 23. Rxc8 Qxc8 24. Qb5 Qc1+ 25. Nf1 Rc8 26. Qd7 Rc2 27. Qxg4
Qxb2 28. Nxg6 fxg6 29. Qe6+ Kh7 30. Qh3+ Bh6 31. Qd7+ Kh8 32. Qe8+ Kh7 33. Qe7+
Bg7 34. Qh4+ Kg8 35. Qd8+ Bf8 36. Qf6 Bg7 37. Qd8+ Bf8 38. Qf6 Qc1 39. Qxg6+
Kh8 40. Qf6+ Bg7 41. Qd8+ Kh7 42. Kg2 Qh6 43. Qd7 Qf6 44. Qh3+ Kg8 45. Qe6+
Qxe6 46. dxe6 Bf6 47. h4 Ra2 48. g4 Be7 49. g5 Rxa3 50. g6 Rc3 0-1

3 0-1

[Event "Dundee & Angus Challengers"]
[Site "?"]
[Date "2014.10.11"]
[Round "3"]
[White "Shafi, Paul"]
[Black "Kosznik, Dariusz"]
[Result "0-1"]
[WhiteElo "1606"]
[BlackElo "1653"]
[PlyCount "46"]
[EventDate "2014.??.??"]
[SourceDate "2014.12.08"]

1. d4 Nf6 2. e3 b6 3. f4 Bb7 4. Nf3 e6 5. Bd3 c5 6. c3 Nc6 7. O-O Rc8 8. Nbd2
Be7 9. h3 Nd5 10. Qe1 cxd4 11. cxd4 Ncb4 12. Qe2 Nxd3 13. Qxd3 Nb4 14. Qb3 Bd5
15. Qd1 Nc2 16. e4 Nxa1 17. exd5 Nc2 18. Qe2 Nb4 19. dxe6 dxe6 20. Nb3 Qd5 21.
Ne5 Nxa2 22. Qa6 Rc2 23. Nf3 Qxb3 0-1

3 0-1

[Event "Dundee & Angus Challengers"]
[Site "?"]
[Date "2014.10.11"]
[Round "3"]
[White "Carter, Richard G"]
[Black "Robertson, Jim"]
[Result "1-0"]
[WhiteElo "1537"]
[BlackElo "1756"]
[PlyCount "43"]
[EventDate "2014.??.??"]

1. d4 c6 2. e4 d5 3. exd5 cxd5 4. c4 Nf6 5. Nc3 g6 6. Qb3 Bg7 7. cxd5 O-O 8.
Be2 Nbd7 9. Bf3 Nb6 10. a4 e6 11. a5 Nbxd5 12. Nge2 Rb8 13. Bg5 Nxc3 14. bxc3
Qe7 15. Bf4 Ra8 16. O-O Nd5 17. Be3 Rd8 18. c4 Nc7 19. a6 e5 20. dxe5 Ne6 21.
axb7 Bxb7 22. Qxb7 1-0

7 1-0

[Event "Dundee & Angus Challengers"]
[Site "?"]
[Date "2014.10.11"]
[Round "3"]
[White "Espinosa Cancino, Monica"]
[Black "Burke, David"]
[Result "1/2-1/2"]
[WhiteElo "1527"]
[BlackElo "1720"]
[PlyCount "60"]
[EventDate "2014.??.??"]

1. d4 Nf6 2. c4 e6 3. Nc3 c5 4. dxc5 Bxc5 5. e3 O-O 6. Nf3 Nc6 7. Be2 a6 8. a3
Qc7 9. b4 Ba7 10. Bb2 b6 11. O-O Bb7 12. h3 Rad8 13. Qc2 Bb8 14. g3 Nh5 15. Ng5
Nf6 16. Nd5 exd5 17. Bxf6 g6 18. Bxd8 Qxd8 19. Nf3 dxc4 20. Qxc4 Qf6 21. Qh4
Qg7 22. Rad1 d6 23. Rc1 Qb2 24. Bc4 Nd8 25. Ng5 Qg7 26. Ne4 Kh8 27. Nf6 g5 28.
Qd4 Nc6 29. Qxb6 Ba8 30. Nd7 Ba7 1/2-1/2

2-1/2

[Event "Dundee & Angus Challengers"]
[Site "?"]
[Date "2014.10.12"]
[Round "4"]
[White "Irving, Neil"]
[Black "Espinosa Cancino, Monica"]
[Result "1/2-1/2"]
[WhiteElo "1644"]
[BlackElo "1527"]
[PlyCount "81"]
[EventDate "2014.??.??"]

1. Nf3 Nf6 2. c4 e6 3. g3 b6 4. Bg2 Bb7 5. O-O Be7 6. b3 O-O 7. Bb2 d6 8. d4
Nbd7 9. Nc3 Qc8 10. Qc2 d5 11. cxd5 exd5 12. Rac1 Re8 13. Rfd1 Bb4 14. e3 Nf8
15. Ne5 Ng6 16. Nb5 c6 17. Nxc6 Bxc6 18. Qxc6 Qxc6 19. Rxc6 Rec8 20. Rdc1 Rxc6
21. Rxc6 Nd7 22. Rc7 a6 23. Ba3 Bxa3 24. Nxa3 Nf6 25. Nc2 a5 26. a4 h6 27. Na3
Nf8 28. Nb5 Rd8 29. h4 h5 30. Bf3 Ne6 31. Rc6 Rb8 32. Rd6 Ne4 33. Rxd5 Nd2 34.
Bd1 Rc8 35. Bxh5 Nxb3 36. Rd7 g6 37. Bg4 Rb8 38. Nd6 f5 39. Bf3 Ng7 40. Bd5+
Kh8 41. Nf7+ 1/2-1/2

2-1/2

[Event "Dundee & Angus Challengers"]
[Site "?"]
[Date "2014.10.12"]
[Round "4"]
[White "Kleboe, James P R"]
[Black "Robertson, Jim"]
[Result "1-0"]
[WhiteElo "1704"]
[BlackElo "1537"]
[PlyCount "41"]
[EventDate "2014.??.??"]

1. e4 c6 2. d4 d5 3. exd5 cxd5 4. c4 Nf6 5. Nc3 g6 6. Nf3 Bg7 7. Qb3 O-O 8.
cxd5 Nbd7 9. Bd3 Nb6 10. O-O Nbxd5 11. Re1 b6 12. Bg5 Bb7 13. Rac1 Rc8 14. Qa3
Re8 15. Bb5 Nxc3 16. Bxe8 Ne2+ 17. Rxe2 Rxc1+ 18. Bxc1 Bxf3 19. gxf3 Qxd4 20.
Qxe7 Qd1+ 21. Re1 1-0

1 1-0

[Event "Dundee & Angus Challengers"]
[Site "?"]
[Date "2014.10.12"]
[Round "4"]
[White "MacDonald, Paul H"]
[Black "Emery, Keith"]
[Result "1-0"]
[WhiteElo "1518"]
[BlackElo "1684"]
[PlyCount "54"]
[EventDate "2014.??.??"]

1. c4 Nf6 2. Nc3 g6 3. e4 d6 4. d4 Bg7 5. Be2 O-O 6. Nf3 Nbd7 7. O-O e5 8. d5
Nc5 9. Qc2 b6 10. b4 Nb7 11. Bb2 Nh5 12. g3 f5 13. Nd2 Nf6 14. Rac1 fxe4 15.
Ndxe4 Bh3 16. Rfe1 Bh6 17. Rcd1 Ng4 18. Bc1 Bxc1 19. Rxc1 Nh6 20. Qd2 Nf5 21.
Ng5 Nd4 22. Nxh3 Qd7 23. Kg2 a5 24. Nb5 Rxf2+ 25. Nxf2 Rf8 26. Nxd4 exd4 27.
Qxd4 axb4 1-0

4 1-0

[Event "Dundee & Angus Challengers"]
[Site "?"]
[Date "2014.10.12"]
[Round "4"]
[White "MacQueen, Andrew"]
[Black "Shafi, Declan"]
[Result "1-0"]
[WhiteElo "1761"]
[BlackElo "1621"]
[PlyCount "77"]
[EventDate "2014.??.??"]

1. e4 c5 2. Nf3 d6 3. d4 cxd4 4. Nxd4 Nf6 5. Nc3 a6 6. Bg5 e6 7. f4 Be7 8. Qf3
Qb6 9. O-O-O Nc6 10. Nb3 Bd7 11. Bd3 Qc7 12. Rhe1 O-O 13. h4 h6 14. Rh1 e5 15.
f5 Nb4 16. g4 Nxd3+ 17. Qxd3 b5 18. Bxf6 Bxf6 19. Nd5 Qd8 20. Nxf6+ Qxf6 21.
Qxd6 Qxd6 22. Rxd6 Bc8 23. Nc5 Re8 24. Rhd1 Kf8 25. Nd7+ Bxd7 26. Rxd7 Re7 27.
R7d6 Ke8 28. R1d5 f6 29. Kd2 Rc7 30. c3 Ke7 31. Ke3 Ke8 32. g5 hxg5 33. hxg5
Kf7 34. g6+ Ke8 35. Rd1 Raa7 36. Rd8+ Ke7 37. Rg8 a5 38. Rdd8 b4 39. Rge8# 1-0

# 1-0

[Event "Dundee & Angus Challengers"]
[Site "?"]
[Date "2014.10.12"]
[Round "4"]
[White "Kosznik, Dariusz"]
[Black "Smith, Stephen H"]
[Result "1-0"]
[WhiteElo "1653"]
[BlackElo "1782"]
[PlyCount "59"]
[EventDate "2014.??.??"]

1. e4 e6 2. d4 d5 3. Nd2 Nf6 4. e5 Nfd7 5. Bd3 c5 6. c3 Nc6 7. Ne2 Qb6 8. Nf3
cxd4 9. cxd4 f6 10. exf6 Nxf6 11. O-O Bd6 12. Re1 O-O 13. Bf4 Bxf4 14. Nxf4 Re8
15. Rc1 Qxb2 16. Rc2 Qa3 17. Rce2 Qd6 18. g3 Bd7 19. Bb1 Rac8 20. Ne5 Nd8 21.
Re3 Bb5 22. g4 Re7 23. g5 Ne4 24. Qh5 g6 25. Qh4 Rc3 26. Rxc3 Nxc3 27. Bc2 Ne4
28. Ng4 Qc7 29. Bxe4 dxe4 30. Nf6+ 1-0

+ 1-0

[Event "Dundee & Angus Challengers"]
[Site "?"]
[Date "2014.10.12"]
[Round "4"]
[White "Shemilt, James F"]
[Black "Carter, Richard G"]
[Result "1/2-1/2"]
[WhiteElo "1787"]
[BlackElo "1756"]
[PlyCount "67"]
[EventDate "2014.??.??"]

1. e4 c5 2. Nc3 e6 3. g3 Nc6 4. Bg2 Nf6 5. f4 d5 6. e5 Nd7 7. Nf3 d4 8. Ne4 Qc7
9. d3 b6 10. O-O Be7 11. Nfg5 O-O 12. a3 h6 13. Nh3 Bb7 14. Nhf2 b5 15. Qg4
Rae8 16. Bd2 f5 17. exf6 Bxf6 18. Qh3 Bd8 19. Rae1 Bc8 20. Qh5 Ne7 21. Ng4 Nd5
22. Qg6 Kh8 23. Nxh6 gxh6 24. Qxh6+ Kg8 25. Qg6+ Kh8 26. Ng5 N7f6 27. Re5 Qg7
28. Qxg7+ Kxg7 29. Rfe1 Bc7 30. Nxe6+ Bxe6 31. Rxe6 Rxe6 32. Rxe6 Kf7 33. f5
Re8 34. Rxe8 1/2-1/2

2-1/2

[Event "Dundee & Angus Challengers"]
[Site "?"]
[Date "2014.10.12"]
[Round "4"]
[White "Smith, John S R"]
[Black "Gray, Euan"]
[Result "1/2-1/2"]
[WhiteElo "1794"]
[BlackElo "1546"]
[PlyCount "56"]
[EventDate "2014.??.??"]

1. e4 e5 2. Nf3 Nf6 3. Nc3 Nc6 4. Bc4 Nxe4 5. Bxf7+ Kxf7 6. Nxe4 d5 7. Neg5+
Kg8 8. d3 h6 9. Nh3 Bg4 10. Nhg1 Qf6 11. h3 Be6 12. Be3 Rd8 13. Ne2 Be7 14. c3
d4 15. cxd4 Bb4+ 16. Nd2 exd4 17. Bf4 Bf5 18. O-O Kh7 19. Nf3 Bd6 20. Bxd6 Rxd6
21. Ng3 Re8 22. Nxf5 Qxf5 23. Re1 Rxe1+ 24. Nxe1 Ne5 25. Rc1 Rg6 26. Qe2 c5 27.
b3 b6 28. Rd1 Re6 1/2-1/2

2-1/2

[Event "Dundee & Angus Challengers"]
[Site "?"]
[Date "2014.10.12"]
[Round "5"]
[White "Kosznik, Dariusz"]
[Black "MacQueen, Andrew"]
[Result "1/2-1/2"]
[WhiteElo "1653"]
[BlackElo "1761"]
[PlyCount "92"]
[EventDate "2014.??.??"]

1. e4 c5 2. Nf3 d6 3. d4 cxd4 4. Nxd4 Nf6 5. Nc3 a6 6. Be2 e5 7. Nb3 Be6 8. Be3
Be7 9. f3 Nbd7 10. O-O O-O 11. g4 Rc8 12. Nd2 d5 13. g5 d4 14. gxf6 Bxf6 15.
Bf2 dxc3 16. bxc3 Bh3 17. Re1 Bh4 18. Bxh4 Qxh4 19. Nf1 Rc6 20. Ng3 Rfc8 21.
Rb1 Rg6 22. Kf2 Qe7 23. Qd3 Nc5 24. Qe3 Be6 25. c4 Bh3 26. Red1 Rd6 27. Rd5
Rxd5 28. cxd5 g6 29. Bf1 Bxf1 30. Nxf1 Na4 31. Qb3 b5 32. Qd3 Rc3 33. Qd2 Qc5+
34. Kg3 Rxc2 35. Qe3 Qd6 36. Rc1 Rxc1 37. Qxc1 Nc5 38. Ne3 Kg7 39. Ng4 Nd7 40.
Qc6 Qxc6 41. dxc6 Nb6 42. Nxe5 Kf6 43. f4 a5 44. h4 Ke6 45. Kf3 h6 46. Ke2 Nc4
1/2-1/2

2-1/2

[Event "Dundee & Angus Challengers"]
[Site "?"]
[Date "2014.10.12"]
[Round "5"]
[White "Espinosa Cancino, Monica"]
[Black "Alexander, Bond"]
[Result "0-1"]
[WhiteElo "1527"]
[BlackElo "1588"]
[PlyCount "174"]
[EventDate "2014.??.??"]

1. d4 d5 2. c4 c6 3. e3 Nf6 4. Nc3 e6 5. Nf3 Bd6 6. a3 Nbd7 7. Be2 O-O 8. O-O
dxc4 9. Bxc4 Nb6 10. Bd3 Nbd5 11. Qc2 Nxc3 12. bxc3 h6 13. c4 Re8 14. Bb2 Nd7
15. Rad1 Qc7 16. c5 Be7 17. Rc1 Bf6 18. Nd2 e5 19. Nc4 exd4 20. Nd6 Rf8 21.
exd4 Be7 22. Nf5 Nf6 23. Rfe1 Bxf5 24. Bxf5 Nd5 25. Qe2 Bf6 26. Qg4 Rad8 27.
Rcd1 Qf4 28. Re4 Qxg4 29. Bxg4 Rfe8 30. Bf3 Rxe4 31. Bxe4 Nf4 32. Kf1 Ne6 33.
Ke2 Nxd4+ 34. Bxd4 Rxd4 35. Bd3 g6 36. Rb1 Rd7 37. Rb4 Bd4 38. Rc4 Kg7 39. g3
f5 40. Bb1 Kf6 41. Kf3 Bb2 42. a4 Ba3 43. Rc3 Bb4 44. Rc4 a5 45. g4 Rd5 46.
gxf5 gxf5 47. Rh4 Kg5 48. Re4 Rxc5 49. Rd4 Rd5 50. Rc4 Bd6 51. h4+ Kf6 52. Kg2
Be5 53. Rc2 Rd4 54. h5 Rxa4 55. Rc5 Rg4+ 56. Kf1 Rh4 57. Ke2 Rxh5 58. Rxa5 Rg5
59. Ra7 Rg7 60. Bd3 h5 61. Kf1 h4 62. Ra8 Kg5 63. Rh8 Rg6 64. Rh7 b5 65. f3 b4
66. Ke2 b3 67. Kd2 b2 68. Kc2 Rh6 69. Rb7 h3 70. Bf1 h2 71. Bg2 h1=Q 72. Bxh1
Rxh1 73. Rb6 b1=Q+ 74. Rxb1 Rxb1 75. Kxb1 Kf4 76. Kc2 Kxf3 77. Kd2 c5 78. Ke1
Ke3 79. Kd1 f4 80. Ke1 f3 81. Kf1 f2 82. Kg2 Ke2 83. Kh3 f1=Q+ 84. Kh4 Qg1 85.
Kh5 Bf6 86. Kh6 Qg5+ 87. Kh7 Qg7# 0-1

# 0-1

[Event "Dundee & Angus Challengers"]
[Site "?"]
[Date "2014.10.12"]
[Round "5"]
[White "Milton, Anna"]
[Black "McGovern, Patrick"]
[Result "1/2-1/2"]
[WhiteElo "1594"]
[BlackElo "1632"]
[PlyCount "63"]
[EventDate "2014.??.??"]

1. d4 Nf6 2. c4 e5 3. dxe5 Ng4 4. Nf3 Bc5 5. e3 Nc6 6. Nc3 Ngxe5 7. Nd4 O-O 8.
Be2 d6 9. O-O a6 10. a3 Bd7 11. b4 Ba7 12. Bb2 Ne7 13. Rc1 Nf5 14. Qd2 Re8 15.
Rfd1 Nxd4 16. exd4 Ng6 17. Bf3 Bc6 18. Bxc6 bxc6 19. c5 Qc8 20. Re1 Qd7 21. Qc2
Rxe1+ 22. Rxe1 Re8 23. Rxe8+ Qxe8 24. Qe2 Qxe2 25. Nxe2 Kf8 26. Kf1 f6 27. Ke1
Ke7 28. g3 Nf8 29. Kd2 Nd7 30. f4 Ke6 31. Ke3 f5 32. Nc1 1/2-1/2

2-1/2

[Event "Dundee & Angus Challengers"]
[Site "?"]
[Date "2014.10.12"]
[Round "5"]
[White "Gray, Euan"]
[Black "Smith, Stephen H"]
[Result "0-1"]
[WhiteElo "1546"]
[BlackElo "1782"]
[PlyCount "64"]
[EventDate "2014.??.??"]

1. e4 e6 2. Nc3 d5 3. Nf3 Nf6 4. e5 Nfd7 5. d4 c5 6. dxc5 Bxc5 7. Bd3 Nc6 8.
Bf4 a6 9. O-O Be7 10. Re1 b5 11. Qd2 Bb7 12. a4 bxa4 13. Nxa4 Nb4 14. Be2 a5
15. c3 Nc6 16. Bb5 Nb6 17. Nxb6 Qxb6 18. Nd4 O-O 19. Bxc6 Bxc6 20. Qe3 Bc5 21.
Qg3 Rfc8 22. Nxc6 Rxc6 23. b4 Bf8 24. Reb1 Qc7 25. Bd2 Rc4 26. f4 Qd8 27. Rxa5
Rxa5 28. bxa5 Qxa5 29. Qd3 g6 30. Qc2 Bc5+ 31. Kf1 Qa7 32. Qb3 Kg7 0-1

7 0-1

[Event "Dundee & Angus Challengers"]
[Site "?"]
[Date "2014.10.12"]
[Round "5"]
[White "Aitchison, Keith A"]
[Black "Shemilt, James F"]
[Result "0-1"]
[WhiteElo "1627"]
[BlackElo "1787"]
[PlyCount "68"]
[EventDate "2014.??.??"]

1. e4 g6 2. d4 Bg7 3. f4 d6 4. Nf3 Nf6 5. Nc3 O-O 6. Bd3 Nc6 7. d5 Nb4 8. a3
Nxd3+ 9. cxd3 c6 10. dxc6 bxc6 11. O-O Qb6+ 12. Kh1 Rb8 13. h3 Nh5 14. Qe1 Ba6
15. g4 Bxd3 16. Rg1 Bxc3 17. Qxc3 Qb3 18. gxh5 Bxe4 19. Kh2 Qxc3 20. bxc3 Bxf3
21. hxg6 fxg6 22. Kg3 Be4 23. Re1 d5 24. Be3 Rb3 25. Bd4 c5 26. Be5 Rf5 27. h4
Rh5 28. Re2 Bf5 29. Rae1 d4 30. Bxd4 cxd4 31. Rxe7 Rxc3+ 32. Kf2 Rxh4 33. Rxa7
Rxf4+ 34. Kg2 Be4+ 0-1

+ 0-1

[Event "Dundee & Angus Challengers"]
[Site "?"]
[Date "2014.10.12"]
[Round "5"]
[White "Robertson, Jim"]
[Black "MacDonald, Paul H"]
[Result "1-0"]
[WhiteElo "1537"]
[BlackElo "1518"]
[PlyCount "23"]
[EventDate "2014.??.??"]

1. d4 d5 2. e3 Bf5 3. f4 Nf6 4. Nf3 e6 5. Be2 c5 6. O-O Nc6 7. c3 h6 8. Ne5 Bd6
9. Nd2 Ne4 10. Bb5 Qc7 11. dxc5 Nxd2 12. cxd6 1-0

6 1-0

[Event "Dundee & Angus Challengers"]
[Site "?"]
[Date "2014.10.12"]
[Round "5"]
[White "Emery, Keith"]
[Black "Smith, John S R"]
[Result "1/2-1/2"]
[WhiteElo "1684"]
[BlackElo "1794"]
[PlyCount "116"]
[EventDate "2014.??.??"]

1. e4 c5 2. Nf3 d6 3. Bb5+ Nd7 4. Nc3 a6 5. Bxd7+ Bxd7 6. b3 e5 7. Nd5 Nf6 8.
d3 Nxd5 9. exd5 Be7 10. h3 O-O 11. O-O f5 12. Nh2 Qb6 13. c4 Rae8 14. Bd2 Rf6
15. Bg5 Rg6 16. Bxe7 Rxe7 17. f4 Qd8 18. Qd2 Rg3 19. Rf3 Rxf3 20. Nxf3 e4 21.
Nh2 Re8 22. Re1 Qh4 23. Qf2 Qf6 24. dxe4 fxe4 25. Nf1 Qd4 26. Ng3 e3 27. Qe2
Qxf4 28. Qf3 Qd4 29. Ne2 Qf6 30. Qxf6 gxf6 31. Nf4 b5 32. Kf1 bxc4 33. bxc4 Re4
34. Nh5 Kf7 35. Rc1 Kg6 36. Ng3 Rf4+ 37. Ke2 Rf2+ 38. Kxe3 Rxg2 39. Ne4 Rxa2
40. Rg1+ Kf7 41. Nxd6+ Ke7 42. Nb7 Bxh3 43. Rg7+ Kf8 44. Rxh7 Ra3+ 45. Kd2 Bf1
46. Nxc5 Bxc4 47. d6 Bb5 48. d7 Bxd7 49. Nxd7+ Ke8 50. Nxf6+ Kd8 51. Kc2 Kc8
52. Kb2 Rf3 53. Ne4 Kb8 54. Nc5 a5 55. Rb7+ Kc8 56. Ra7 Rh3 57. Ra8+ Kc7 58.
Ne4 Kb6 1/2-1/2

2-1/2

[Event "Dundee & Angus Challengers"]
[Site "?"]
[Date "2014.10.12"]
[Round "5"]
[White "Shafi, Declan"]
[Black "Irving, Neil"]
[Result "0-1"]
[WhiteElo "1621"]
[BlackElo "1644"]
[PlyCount "42"]
[EventDate "2014.??.??"]

1. d4 d5 2. c4 Nc6 3. Nc3 dxc4 4. e3 e5 5. d5 Nce7 6. Bxc4 Nf6 7. e4 Ng6 8. Nf3
Bc5 9. O-O O-O 10. a3 Ne8 11. b4 Bb6 12. Bb2 Nd6 13. Bd3 f5 14. Rc1 fxe4 15.
Nxe4 Bg4 16. Nxd6 cxd6 17. Be2 Nf4 18. Bb5 Nh3+ 19. Kh1 Nxf2+ 20. Rxf2 Bxf2 21.
Qc2 Rxf3 0-1

3 0-1

[Event "Dundee & Angus Challengers"]
[Site "?"]
[Date "2014.10.12"]
[Round "5"]
[White "Carter, Richard G"]
[Black "Kleboe, James P R"]
[Result "1/2-1/2"]
[WhiteElo "1756"]
[BlackElo "1704"]
[PlyCount "85"]
[EventDate "2014.??.??"]

1. e4 e5 2. Bc4 Nf6 3. d3 Bc5 4. Nf3 d6 5. Bg5 Be6 6. Nbd2 Nbd7 7. c3 Bb6 8.
Qb3 Nc5 9. Qc2 Bxc4 10. Nxc4 h6 11. Nxb6 axb6 12. Be3 O-O 13. O-O Qd7 14. Nh4
Qe6 15. a3 Qb3 16. Qxb3 Nxb3 17. Rad1 d5 18. f3 Rad8 19. Nf5 Rd7 20. d4 Re8 21.
dxe5 Rxe5 22. Nd4 Na5 23. Bf4 Re8 24. exd5 Nxd5 25. Bc1 Nf6 26. Nf5 Nb3 27.
Rxd7 Nxd7 28. Kf2 Ndc5 29. Bf4 Nd3+ 30. Kg3 Nxf4 31. Kxf4 Re2 32. Rd1 Rxg2 33.
Rd8+ Kh7 34. Rd7 g5+ 35. Ke3 Kg6 36. Ne7+ Kh5 37. Rxc7 Nc1 38. Rxb7 Re2+ 39.
Kd4 Nb3+ 40. Kd3 Rd2+ 41. Ke3 Nc5 42. Rc7 Rxh2 43. Nf5 1/2-1/2

2-1/2